शैक्षिक प्रविधि र स्वास्थ्य शिक्षा / (Record no. 118475)
[ view plain ]
| 000 -LEADER | |
|---|---|
| fixed length control field | 00969nam a2200217 4500 |
| 008 - FIXED-LENGTH DATA ELEMENTS--GENERAL INFORMATION | |
| fixed length control field | 241216b |||||||| |||| 00| 0 eng d |
| 020 ## - INTERNATIONAL STANDARD BOOK NUMBER | |
| International Standard Book Number | 978-9937-1-0279-7 |
| 041 ## - LANGUAGE CODE | |
| Language code of text/sound track or separate title | NEP |
| 082 ## - DEWEY DECIMAL CLASSIFICATION NUMBER | |
| Edition number | 23rd. |
| Classification number | 371.307 8 / Ks688s |
| 100 ## - MAIN ENTRY--PERSONAL NAME | |
| Personal name | क्षत्री, हेमसिंह |
| 241 ## - ROMANIZED TITLE (BK AM CF MP MU VM) | |
| Romanized title | Saichhik Pravidhi ra Swasthya Shichhya |
| 245 ## - TITLE STATEMENT | |
| Title | शैक्षिक प्रविधि र स्वास्थ्य शिक्षा / |
| Statement of responsibility, etc. | हेमसिंह क्षत्री र नवराज मुडवरी |
| 260 ## - PUBLICATION, DISTRIBUTION, ETC. | |
| Place of publication, distribution, etc. | काठमाण्डौ : |
| Name of publisher, distributor, etc. | जुपिटर प्रकाशक तथा वितरक प्रा.लि. , |
| Date of publication, distribution, etc. | २०६२ वि. |
| 300 ## - PHYSICAL DESCRIPTION | |
| Extent | २८८ पृ. : सचित्र |
| 504 ## - BIBLIOGRAPHY, ETC. NOTE | |
| Bibliography, etc. note | Include bibliography |
| 650 ## - SUBJECT ADDED ENTRY--TOPICAL TERM | |
| Topical term or geographic name entry element | शिक्षा |
| 650 ## - SUBJECT ADDED ENTRY--TOPICAL TERM | |
| Topical term or geographic name entry element | Educational technology |
| 9 (RLIN) | 6079 |
| 650 ## - SUBJECT ADDED ENTRY--TOPICAL TERM | |
| Topical term or geographic name entry element | Health education |
| 9 (RLIN) | 5593 |
| 700 ## - ADDED ENTRY--PERSONAL NAME | |
| Personal name | मुडवरी, नवराज |
| 942 ## - ADDED ENTRY ELEMENTS (KOHA) | |
| Source of classification or shelving scheme | Dewey Decimal Classification |
| Koha item type | ISBN |
| Withdrawn status | Lost status | Source of classification or shelving scheme | Damaged status | Not for loan | Home library | Current library | Date acquired | Total Checkouts | Full call number | Barcode | Date last seen | Price effective from | Koha item type |
|---|---|---|---|---|---|---|---|---|---|---|---|---|---|
| Dewey Decimal Classification | Tribhuvan University Central Library | Tribhuvan University Central Library | 12/16/2024 | 371.307 8 / Ks688s | IS5319 | 12/16/2024 | 12/16/2024 | ISBN |
